000 01463 a2200229 4500
001 13655
005 20260407155443.0
008 260407a2004 arg spa d
003 AR-UNSa-BCEJYS
040 _aAR-UNSa-BCEJYS
_bspa
_cAR-UNSa-BCEJYS
080 _a342.9
_xDerecho Administrativo
245 1 0 _aDerecho administrativo
020 _a987-507-281-8
250 _a10a. ed.
264 1 _aBuenos Aires :
_bCiudad Argentina
_c2004
300 _a1630 p.
_c24 cm.
505 _a1. El derecho público en el siglo XXI - 2. Constitución y estado - 3. Libertad y autoridad - 4. Administración y derecho - 5. Derecho administrativo - 6. Acto administrativo - 7. Hecho administrativo - 8. Reglamento administrativo - 9. Actuación interadministrativa - 10. Contrato administrativo - 11. Tipos de contratos administrativos - 12. Situación y regulación administrativas - 13. Organización administrativa - 14. Derecho comunitario - 15. Servicio público - 16. Derechos reales administrativos - 17. Policía y poder de policía - 18. Policía de la propiedad - 19. Acción económica de la administración - 20. Fiscalización administrativa - 21. Responsabilidad estatal - 22. Procedimiento administrativo - 23. Proceso administrativo
942 _cBK
590 _aniveau_biblio:m niveau_hierar:0
100 1 _aDromi, José Roberto
856 4 1 _uhttps://biblioeco.unsa.edu.ar/pmb/images/libros/Derecho Administrativo2-l87066.jpg
_yImagen de portada
_qimage/jpeg
999 _c534
_d534